Metric Prefixes Click Quiz - Statistics

General Stats
  • This quiz has been taken 94 times
  • The average score is 10 of 15
Answer Stats
Hint Answer % Correct
One Metre Metre
89%
One Thousand Metres Kilometre
84%
One Hundredth of a Metre Centimetre
83%
One Thousandth of a Metre Millimetre
81%
One Tenth of a Metre Decimetre
80%
One Million Metres Megametre
76%
One Millionth of a Metre Micrometre
69%
One Billionth of a Metre Nanometre
67%
One Hundred Metres Hectometre
66%
One Billion Metres Gigametre
61%
Ten Metres Dekametre
60%
One Trillionth of a Metre Picometre
59%
One Trillion Metres Terametre
56%
One Quadrillionth of a Metre Femtometre
47%
One Quadrillion Metres Petametre
43%
No matching quizzes found
Score Distribution
Percent of People with Each Score
Percentile by Number Answered
Your Score History
You have not taken this quiz